Compendium of social statistics and indicators, 1988 = Recueil de statistiques et d'indicateurs sociaux, 1988

Αποθηκεύτηκε σε:
Λεπτομέρειες βιβλιογραφικής εγγραφής
Συγγραφή απο Οργανισμό/Αρχή: United Nations. Statistical Office
Μορφή: Βιβλίο
Γλώσσα:English
French
Δημοσίευση: New York : United Nations, 1991
Σειρά:Social statistics and indicators ; ; 9; Series K
Θέματα:
Ετικέτες: Προσθήκη ετικέτας
Δεν υπάρχουν, Καταχωρήστε ετικέτα πρώτοι!

MARC

LEADER 00000nam a2200000 i 4500
001 1/1933
008 000419s1991 i eng d
020 |a 92-1-061145-4 
035 |l 10060212 
040 |a GR-MY-UA  |b gre  |e aacr 
041 1 |a eng  |a fre 
082 0 |a Π 310.5 
110 1 |a United Nations.   |b Statistical Office. 
245 1 0 |a Compendium of social statistics and indicators, 1988 =  |b Recueil de statistiques et d'indicateurs sociaux, 1988 
246 3 3 |a Recueil de statistiques et d'indicateurs sociaux, 1988 
260 |a New York :   |b United Nations,   |c 1991 
300 |a x, 686 p.;  |c 28 cm. 
490 1 |a Social statistics and indicators. Series K  |v ; 9 
500 |a "United Nations publication sales no. E/F.91.XVII.6"--T.p. verso 
504 |a Includes bibliographical references (p. 685-686) 
650 0 0 |a Statistics  |x Periodicals. 
830 0 |a Social statistics and indicators ;  |v ; 9; Series K 
852 |a INST  |b CHIOS  |e 20000419  |h 310.5 UNI  |p 005200017249  |q 005200017249  |t REF  |y 23 
901 |a BIBL2-2000-2 
909 |a Χ  |b 070181 
922 |a 2ΕΛΗ  |b 199911  |c ΤΝΕΥ  |d ΠΑΠΑΣΩΤΗΡΙΟΥ 
950 |a 125-1999-07-15 
970 |z 2000/04/ΜΙΧΑΗΛΙΔΟΥ ΑΝΝΑ